Гражданин и его отношение к государству. Вып. 2 (Запись № 5832238)

Подробности
000 -МАРКЕР
контрольное поле 01834nam2a22002531 4500
001 - ИДЕНТИФИКАТОР ЗАПИСИ
контрольное поле v19\rc\1826290
005 - ИДЕНТИФИКАТОР ВЕРСИИ
контрольное поле 20250620085844.0
035 ## - ДРУГИЕ СИСТЕМНЫЕ НОМЕРА
Идентификатор записи (NLR Aleph) 005253925
100 ## - ДАННЫЕ ОБЩЕЙ ОБРАБОТКИ
Данные общей обработки 20071224d1907 |||y0rusy50 ca
101 1# - ЯЗЫК РЕСУРСА
Язык текста, звукозаписи и т.д. русский
Язык оригинала английский
102 ## - СТРАНА ПУБЛИКАЦИИ ИЛИ ПРОИЗВОДСТВА
Страна публикации Российская Федерация
105 ## - ПОЛЕ КОДИРОВАННЫХ ДАННЫХ: ТЕКСТОВЫЕ МАТЕРИАЛЫ, МОНОГРАФИЧЕСКИЕ
Кодированные данные о монографическом текстовом документе y z |||||
200 0# - ЗАГЛАВИЕ И СВЕДЕНИЯ ОБ ОТВЕТСТВЕННОСТИ
Основное заглавие Вып. 2
210 ## - ПУБЛИКАЦИЯ, РАСПРОСТРАНЕНИЕ И ДР.
Место издания, распространения и т.д. Нарва
Имя издателя, распространителя и т. д. тип. Ф.Ф. Гнивковского
Дата издания, распространения и т.д. 1907
215 ## - ФИЗИЧЕСКАЯ ХАРАКТЕРИСТИКА
Специфическое обозначение материала и объем [4], 105-227 с.
461 #0 - УРОВЕНЬ НАБОРА
Встроенное поле 001v19\rc\1826288
-- 2001#$aГражданин и его отношение к государству$eКн., напис. американцем, чтобы побудить своих сограждан внимательнее относиться к своему участию в делах государства$fН. Соузгет Шэлер, проф. геологии в Гарвард. ун-те и декан Лауренцев. науч. шк.$gПер. с англ. под ред. [и с предисл.] В.В. Лермантова, прив.-доц. Спб. унив. Вып. [1]-2$vВып. 2
Системный номер (АБИС) связанной записи 5832222
Автор Шейлер, Н.С. (1841-1906)
Место публикации Нарва
Дата публикации 1907
Первые сведения об ответственности Н. Соузгет Шэлер, проф. геологии в Гарвард. ун-те и декан Лауренцев. науч. шк.
Имя издателя, распространителя и т.д. тип. Ф.Ф. Гнивковского
Сведения, относящиеся к заглавию Кн., напис. американцем, чтобы побудить своих сограждан внимательнее относиться к своему участию в делах государства
Физическая характеристика 2 т.
Заглавие Гражданин и его отношение к государству
Номер тома Вып. 2
801 #0 - ИСТОЧНИК ЗАПИСИ
Страна Российская Федерация
Организация NLR
Дата составления 20071224
Правила каталогизации psbo
801 #0 - ИСТОЧНИК ЗАПИСИ
Страна Российская Федерация
Организация RuMoRGB
Дата составления 20071224
Источник данных psbo
801 #1 - ИСТОЧНИК ЗАПИСИ
Страна Российская Федерация
Организация ProSoft-M
Дата составления 20071224
Источник данных rusmarc
801 #2 - ИСТОЧНИК ЗАПИСИ
Страна Российская Федерация
Организация NLR
Дата составления 20080320
Источник данных rusmarc
852 ## - МЕСТОНАХОЖДЕНИЕ И ШИФР ХРАНЕНИЯ
Идентификатор организации NLR
Шифр хранения (Call Number) 38.66.7.65
942 ## - ДОПОЛНИТЕЛЬНЫЕ ЭЛЕМЕНТЫ ЗАПИСИ (АБИС)
Тип экземпляра АБИС Книга
980 ## - КОЛЛЕКЦИЯ
Название коллекции Национальная библиография
Экземпляры
Тип экземпляра Дата поступления Библиотека постоянного хранения Библиотека текущего хранения Место хранения Шифр хранения Штрих-код Статус экземпляра
Книга 26.10.2013 РНБ (Садовая) РНБ (Садовая) Русский книжный фонд -Главное здание, Ленинский читальный зал 38.66.7.65 5253925-10